[Event "AUTO-ADV-70"]
[Site "http://www.queenalice.com/game.php?id=24374"]
[Date "2005.8.16"]
[Round "1"]
[White "CavalierBlanc"]
[Black "tewald"]
[Result "0-1"]
[WhiteElo "1351"]
[BlackElo "1625"]

1. e4 e5 2. Nf3 Nc6 3. Bb5 Nf6 4. Qe2 Bc5 5. O-O d6 6. h3 Bd7 7. c3 a6 8. Ba4 b5
9. Bc2 O-O 10. Rd1 h6 11. d4 exd4 12. cxd4 Ba7 13. a3 Re8 14. Nc3 Qc8 15. Bf4
Bxh3 16. gxh3 Qxh3 17. Rd3 Nh5 18. Bh2 Re6 19. Ng5 Qh4 20. Nxe6 fxe6 21. Bg3
Nxg3 22. fxg3 Bxd4+ 23. Kg2 Qg5 24. Qd2 Be5 25. Qxg5 hxg5 26. Bb3 Nd4 0-1

[Event "AUTO-ADV-70"]
[Site "http://www.queenalice.com/game.php?id=24375"]
[Date "2005.8.16"]
[Round "1"]
[White "tewald"]
[Black "CavalierBlanc"]
[Result "1-0"]
[WhiteElo "1619"]
[BlackElo "1360"]

1. d4 g6 2. c4 Bg7 3. e4 c5 4. d5 d6 5. Qc2 Na6 6. a3 Bd7 7. Nc3 Nc7 8. Nf3 Nf6
9. Bd3 a6 10. O-O O-O 11. a4 Rb8 12. a5 b5 13. cxb5 Nxb5 14. Bd2 Bg4 15. Ne1 Nd4
16. Qa4 Nb3 17. Be3 Nxa1 18. Qxa1 Ne8 19. f3 Bd7 20. Bc1 Bb5 21. Nxb5 axb5 22.
a6 Qb6 23. Bd2 1-0

[Event "AUTO-ADV-70"]
[Site "http://www.queenalice.com/game.php?id=24376"]
[Date "2005.8.16"]
[Round "1"]
[White "CavalierBlanc"]
[Black "luciano"]
[Result "0-1"]
[WhiteElo "1459"]
[BlackElo "1447"]

1. e4 b6 2. d4 Bb7 3. Nc3 e6 4. Bc4 Nf6 5. Bg5 h6 6. Bh4 g5 7. Bg3 Nxe4 8. Nxe4
Bxe4 9. f3 Bb7 10. d5 Bg7 11. c3 exd5 12. Qe2+ Qe7 13. Qxe7+ Kxe7 14. Bd3 d4 15.
cxd4 Bxd4 0-1

[Event "AUTO-ADV-70"]
[Site "http://www.queenalice.com/game.php?id=24377"]
[Date "2005.8.16"]
[Round "1"]
[White "luciano"]
[Black "CavalierBlanc"]
[Result "1-0"]
[WhiteElo "1463"]
[BlackElo "1421"]

1. b3 e5 2. Bb2 Nc6 3. Nc3 Nf6 4. e4 a6 5. Nf3 d6 6. g3 Bg4 7. h3 Bh5 8. g4 Bg6
9. Bg2 Nxe4 10. Qe2 Nxc3 11. Bxc3 Be7 12. h4 h6 13. d3 Qd7 14. Bh3 O-O-O 15. O-O
Kb8 16. h5 1-0

[Event "AUTO-INT-51"]
[Site "http://www.queenalice.com/game.php?id=35389"]
[Date "2005.10.29"]
[Round "1"]
[White "CavalierBlanc"]
[Black "BrenoA"]
[Result "0-1"]
[WhiteElo "1347"]
[BlackElo "1488"]

1. e4 e5 2. Nf3 d6 3. Bc4 Nf6 4. Nc3 d5 5. exd5 Bb4 6. O-O Bf5 7. Nxe5 O-O 8. d3
a5 9. Bg5 Nbd7 10. Nxd7 Qxd7 11. Bxf6 a4 12. Bh4 a3 13. Ne4 axb2 14. Rb1 Ba3 15.
Bb3 f6 16. Nc3 c6 0-1

[Event "AUTO-INT-51"]
[Site "http://www.queenalice.com/game.php?id=35390"]
[Date "2005.10.29"]
[Round "1"]
[White "BrenoA"]
[Black "CavalierBlanc"]
[Result "1-0"]
[WhiteElo "1477"]
[BlackElo "1363"]

1. e4 c5 2. c4 Nc6 3. f4 g6 4. f5 d6 5. Nc3 Bg7 6. Nd5 Nf6 7. b4 Nxd5 8. cxd5
Bxa1 9. bxc5 Nb8 10. c6 bxc6 11. dxc6 Nxc6 12. Bb5 Bd7 13. Nf3 Nd4 14. Nxd4 1-0

[Event "AUTO-INT-51"]
[Site "http://www.queenalice.com/game.php?id=35391"]
[Date "2005.10.29"]
[Round "1"]
[White "CavalierBlanc"]
[Black "Tiago"]
[Result "0-1"]
[WhiteElo "1358"]
[BlackElo "1329"]

1. d4 d5 2. Nf3 e6 3. Bg5 f6 4. Bh4 Bb4+ 5. c3 g5 6. Bg3 Ba5 7. e3 g4 8. Nfd2 h5
9. h3 f5 10. hxg4 Qg5 11. Rxh5 Qg7 0-1

[Event "AUTO-INT-51"]
[Site "http://www.queenalice.com/game.php?id=35392"]
[Date "2005.10.29"]
[Round "1"]
[White "Tiago"]
[Black "CavalierBlanc"]
[Result "1-0"]
[WhiteElo "1346"]
[BlackElo "1338"]

1. e4 c5 2. Bc4 Nc6 3. Nc3 g6 4. b3 Bg7 5. Qf3 Ne5 6. Qe3 Nxc4 7. bxc4 b6 8. e5
d6 9. f4 dxe5 10. Qe4 Rb8 11. Nf3 Bb7 12. Qe3 1-0

[Event "AUTO-OPEN-233"]
[Site "http://www.queenalice.com/game.php?id=57268"]
[Date "2006.3.14"]
[Round "1"]
[White "Kaspov"]
[Black "CavalierBlanc"]
[Result "1-0"]
[WhiteElo "1485"]
[BlackElo "1303"]

1. e4 c5 2. Nc3 Nc6 3. Nf3 g6 4. d4 cxd4 5. Nxd4 Bg7 6. Be3 Nf6 7. Bc4 Qa5 8.
Nxc6 bxc6 9. O-O O-O 10. Qf3 d6 11. h3 1-0

[Event "AUTO-OPEN-233"]
[Site "http://www.queenalice.com/game.php?id=57269"]
[Date "2006.3.14"]
[Round "1"]
[White "CavalierBlanc"]
[Black "Kaspov"]
[Result "0-1"]
[WhiteElo "1294"]
[BlackElo "1618"]

1. e4 e5 2. Nf3 Nc6 3. Bb5 Bc5 4. c3 Nf6 5. d4 exd4 6. cxd4 Bb4+ 7. Bd2 Nxe4 8.
Bxb4 Nxb4 9. O-O c6 10. Ba4 O-O 11. a3 Nd5 12. Bc2 Nef6 0-1

[Event "AUTO-OPEN-233"]
[Site "http://www.queenalice.com/game.php?id=57292"]
[Date "2006.3.14"]
[Round "1"]
[White "CavalierBlanc"]
[Black "tesselizaga"]
[Result "0-1"]
[WhiteElo "1275"]
[BlackElo "1751"]

1. e4 c5 2. Nf3 Nc6 3. Be2 d6 4. c3 e5 5. d4 cxd4 6. cxd4 Be7 7. d5 Nb8 8. Bb5+
Bd7 9. Qe2 Nf6 10. Nc3 Kf8 11. O-O a6 12. Bd3 Qc7 13. Bg5 h6 14. Bh4 Bg4 15.
Rac1 Qd8 16. Rc2 Nxd5 17. Nxd5 Bxh4 18. Qe3 Bxf3 19. Nc7 Bg4 20. Nxa8 Nc6 21.
Bc4 Qxa8 22. Bd5 Bd7 23. f4 Bf6 24. fxe5 Bxe5 25. Bxf7 Ke7 26. Rd2 Rf8 27. Bg6
Rxf1+ 28. Kxf1 Qf8+ 29. Rf2 Qd8 30. Rf7+ Ke8 31. Rxg7+ Kf8 0-1

[Event "AUTO-OPEN-233"]
[Site "http://www.queenalice.com/game.php?id=57293"]
[Date "2006.3.14"]
[Round "1"]
[White "tesselizaga"]
[Black "CavalierBlanc"]
[Result "1-0"]
[WhiteElo "1749"]
[BlackElo "1277"]

1. e4 c5 2. Nf3 Nc6 3. Bc4 g6 4. d4 cxd4 5. Nxd4 Bg7 6. Nxc6 bxc6 7. O-O e6 8.
c3 Ne7 9. Bg5 d5 10. exd5 cxd5 11. Bb3 O-O 12. Qf3 Qd7 13. Na3 a5 14. Rfe1 Nf5
15. Rad1 Bb7 16. Qd3 Ba6 17. Qh3 Qc6 18. Nc2 a4 19. Nb4 Qb5 20. Bc2 Bb7 21. a3
Nd6 22. Bh6 Nc4 23. Bxg7 Kxg7 24. Bd3 Qc5 25. Bxc4 Qxc4 26. Rd4 Qb5 27. Rh4 h5
28. Qg3 Rh8 29. Qe5+ Kh7 30. Rf4 Qd7 31. Qf6 Rhf8 32. Nd3 Qd8 33. Qd4 Qd6 34.
Qf6 Qd8 35. Qd4 1-0

[Event "AUTO-OPEN-233"]
[Site "http://www.queenalice.com/game.php?id=57294"]
[Date "2006.3.14"]
[Round "1"]
[White "CavalierBlanc"]
[Black "jochigol1802"]
[Result "0-1"]
[WhiteElo "1291"]
[BlackElo "1577"]

1. e4 e5 2. Nf3 Nc6 3. Bc4 Nf6 4. d4 d6 5. dxe5 dxe5 6. Qxd8+ Nxd8 7. O-O Bc5 8.
Bg5 Nc6 9. Nc3 Bd4 10. Nxd4 Nxd4 11. Bxf6 gxf6 12. Nd5 O-O 13. c3 Ne6 14. Nxf6+
Kg7 0-1

[Event "AUTO-OPEN-233"]
[Site "http://www.queenalice.com/game.php?id=57295"]
[Date "2006.3.14"]
[Round "1"]
[White "jochigol1802"]
[Black "CavalierBlanc"]
[Result "1-0"]
[WhiteElo "1570"]
[BlackElo "1291"]

1. e4 c5 2. d3 Nc6 3. Nf3 g6 4. Bf4 Bg7 5. c3 d5 6. exd5 Qxd5 7. Nbd2 Nf6 8. Nb3
b6 9. c4 Qd8 10. g3 Bb7 11. Bg2 Nh5 12. Qd2 Nxf4 13. Qxf4 1-0